00619nam a2200193Ia 4500008004100000020001400041082001400055100001700069245003400086250000700120260004500127300002800172500001900200600002100219650005000240942000700290952011300297999001500410240925s9999 xx 000 0 und d a132634279 a004.6 KER aKern, Harris 0aNetworking the New Enterprise aNA aNew Jersey:bPrintice- Hall Int.c,1997. axix,697p.bNAfOriginal aIncludes Index aComputer Science aComputer science, information & general works cBK 001040708CSaUITUbUITUd2000-03-06eNAg195.00l0o004.6 KERpQ2504r2024-09-25 07:12:49w2024-09-25yBK c5003d5003